LEADER 03037nam 2200601 450 001 9910263847003321 005 20190708092533.0 010 $a3-486-71845-2 024 7 $a10.1524/9783486718454 035 $a(CKB)3710000000323408 035 $a(EBL)1652635 035 $a(SSID)ssj0001402307 035 $a(PQKBManifestationID)11833615 035 $a(PQKBTitleCode)TC0001402307 035 $a(PQKBWorkID)11357537 035 $a(PQKB)10216579 035 $a(MiAaPQ)EBC1652635 035 $a(DE-B1597)216167 035 $a(OCoLC)1013941401 035 $a(OCoLC)900722202 035 $a(DE-B1597)9783486718454 035 $a(EXLCZ)993710000000323408 100 $a20150126h20122012 uy 0 101 0 $ager 135 $aur|n|---||||| 181 $ctxt 182 $cc 183 $acr 200 10$aJugendarbeitslosigkeit in der Bundesrepublik $eEntwicklung und Auseinandersetzung wa?hrend der 1970er und 1980er Jahre /$fThomas Raithel 210 1$aMunich, Germany :$cOldenbourg Verlag,$d2012. 210 4$d©2012 215 $a1 online resource (168 p.) 225 1 $aSchriftenreihe der Vierteljahrshefte fu?r Zeitgeschichte,$x0506-9408 ;$vBand 105 300 $aDescription based upon print version of record. 311 $a3-486-70947-X 320 $aIncludes bibliographical references. 327 $t Frontmatter -- $tInhalt -- $tVorwort -- $tI. Einleitung -- $tII. Entwicklungen der Jugendarbeitslosigkeit -- $tIII. Jugendarbeitslosigkeit in der gesellschaftlichen und politischen Wahrnehmung und Auseinandersetzung der Bundesrepublik -- $tIV. Resümee: Die Normalisierung der Krise -- $tAbkürzungsverzeichnis -- $tVerzeichnis der Abbildungen und Tabellen -- $tQuellen- und Literaturverzeichnis -- $tPersonenregister 330 $aNach einer langen Phase weitgehender Vollbeschäftigung setzte Mitte der 1970er Jahre in der Bundesrepublik wie in vielen anderen westlichen Staaten eine unerwartete Massenarbeitslosigkeit ein. Besonderes Aufsehen in Politik und Öffentlichkeit erregte die damit verbundene Jugendarbeitslosigkeit. Die ungewohnten Krisenerscheinungen des Arbeitsmarktes für Jugendliche, die im internationalen Vergleich freilich auf relativ moderatem Niveau blieben, wurden nach und nach zu einem Dauerzustand. Thomas Raithel untersucht erstmals aus zeithistorischer Perspektive die Entwicklung der bundesdeutschen Jugendarbeitslosigkeit während der 1970er und 1980er Jahre und analysiert ihre Wahrnehmung und Bekämpfung. 410 0$aSchriftenreihe der Vierteljahrshefte fu?r Zeitgeschichte ;$vBand 105. 606 $aYouth$xEmployment$zGermany (West) 606 $aUnemployment$zGermany (West) 608 $aElectronic books. 615 0$aYouth$xEmployment 615 0$aUnemployment 676 $a331.340943 700 $aRaithel$b Thomas$0962040 801 0$bMiAaPQ 801 1$bMiAaPQ 801 2$bMiAaPQ 906 $aBOOK 912 $a9910263847003321 996 $aJugendarbeitslosigkeit in der Bundesrepublik$92198891 997 $aUNINA LEADER 03611oam 2200577I 450 001 9910792512203321 005 20230809222822.0 010 $a1-351-84138-6 010 $a1-315-22360-0 010 $a0-89503-416-6 024 7 $a10.4324/9781315223605 035 $a(CKB)3710000001081027 035 $a(MiAaPQ)EBC3117843 035 $a(MiAaPQ)EBC4817430 035 $a(Au-PeEL)EBL3117843 035 $a(CaPaEBR)ebr10613426 035 $a(OCoLC)813930556 035 $a(OCoLC)988383712 035 $a(EXLCZ)993710000001081027 100 $a20180706e20172011 uy 0 101 0 $aeng 135 $aurcn||||||||| 181 $2rdacontent 182 $2rdamedia 183 $2rdacarrier 200 00$aTeaching intercultural rhetoric and technical communication $etheories, curriculum, pedagogies, and practices /$fedited by Barry Thatcher and Kirk St.Amant 210 1$aLondon :$cRoutledge,$d2017. 215 $avii, 288 p. $cill 225 1 $aBaywood's technical communications series 300 $aFirst published 2011 by Baywood Pub. Co., Inc. 311 $a0-89503-377-1 311 $a1-351-84139-4 320 $aIncludes bibliographical references and index. 327 $aTeaching approaches: introducing intercultural communication to classroom situations : an integrated framework for teaching international communication / Yvonne Cleary -- Seeing difference: teaching intercultural communication through visual rhetoric / Charles Kostelnick -- Technical communication in india: through the lens of intercultural rhetoric / Poornima Padmanabhan -- Globalizing the technical communications classroom: killing two birds with one stone / Emily A. Thrush and Angela Thevenot -- Curricular perspectives: designing and developing courses and programs in intercultural communication : incorporating "shock and aha!" into curriculum design: internationalizing technical communication courses / Shelley L. Smith and Victoria M. Mikelonis -- Teaching technical communication to american students in a study-abroad program / Deborah C. Andrews and Brent Henze -- Global revisions: (re)thinking the future of technical and professional communication competencies / James Melton -- Teaching technical communication in france: challenges and prospects / Dacia Dressen-Hammouda -- Teaching technical communication in india / Makarand (Mak) Pandit -- Connecting instruction to professional practices: merging the workplace with the classroom : between the lines: reading contextually in the international internship / Lyn F. Gattis -- Iso standards and cross-cultural communication: materials for teachers / Thomas L. Warren -- Technical communication in israel: training for the bleeding edge / Leah Guren -- An overview of technical communication education in new zealand / Richard Draper. 410 0$aBaywood's technical communications series (Unnumbered) 606 $aCommunication of technical information$xStudy and teaching 606 $aTechnical writing$xStudy and teaching 606 $aIntercultural communication$xStudy and teaching 615 0$aCommunication of technical information$xStudy and teaching. 615 0$aTechnical writing$xStudy and teaching. 615 0$aIntercultural communication$xStudy and teaching. 676 $a601.4 701 $aSt. Amant$b Kirk$f1970-$01504988 701 $aThatcher$b Barry$f1964-$01504989 801 0$bMiAaPQ 801 1$bMiAaPQ 801 2$bMiAaPQ 906 $aBOOK 912 $a9910792512203321 996 $aTeaching intercultural rhetoric and technical communication$93734308 997 $aUNINA